000 00323nam a22001457a 4500
008 210528b ||||| |||| 00| 0 eng d
020 _a0815149883
041 _aeng
080 _a617
082 _a617
100 _a6
101 _aANA
245 _aMedical Problems and the Anaesthetist
_cKaufman,L
942 _2udc
_cBK
999 _c57793
_d57793